Blasons des villes de France #3 - Statistiques

Statistiques générales
  • Ce quiz a été pris 26 fois
  • Le résultat moyen est 4 sur 20
Statistiques - réponses
Par images Réponse % Correct
Lyon
92%
Perpignan
50%
Tours
33%
Montpellier
29%
Toulon
25%
Dijon
21%
Nancy
21%
La Rochelle
13%
Aix-en-Provence
8%
Bourges
8%
Calais
8%
Niort
8%
Asnières-sur-Seine
4%
Aubervilliers
4%
Courbevoie
4%
Ivry-sur-Seine
4%
Le Blanc Mesnil
4%
Montreuil
4%
Noisy-le-Grand
4%
Saint-Maur-des-Fossés
4%
Aucun quiz correspondant
Distribution des résultats
% des personnes avec chaque résultat
Percentile par nombre de réponses
Votre historique - résultats
Vous n’avez pas pris ce quiz